000
00296nam a2200157Ia 4500
100
_a
Kanetkar/ Yashavant
650
_a
IOT
942
_c
BK
366
_f
20
654
_a
experiment
245
_a
21 IOT experiments
260
_b
BPB
082
_b
KAN
300
_a
266
546
_a
ENGLISH
999
_c
28738
_d
28738